All Cinderella characters by screen time - Statistics

General Stats
  • This quiz has been taken 27 times
  • The average score is 9 of 14
Answer Stats
% Of Movie Screen Time Answer % Correct
35.12 26:04 Cinderella
100%
4.94 3:40 Prince Charming
90%
18.46 13:42 Gus
86%
7.77 5:46 Anastasia
81%
5.39 4:00 Fairy Godmother
76%
6.94 5:09 Drizella
71%
12.08 8:58 Lady Tremaine
71%
20.14 14:57 Jaq
67%
13.43 9:58 Lucifer
67%
7.97 5:55 King
57%
4.40 3:16 Bruno
48%
12.28 9:07 Grand Duke
33%
3.23 2:24 Major
5%
2.27 1:41 Herald
0%
No matching quizzes found
Score Distribution
Percent of People with Each Score
Percentile by Number Answered
Your Score History
You have not taken this quiz